000 02694cam a2200397 i 4500
001 17922338
005 20140930111457.0
008 131029t20142014njua b 001 0 eng
010 _a 2013042705
020 _a9781118112700 (pbk. : acidfree paper)
020 _a1118112709 (pbk. : acidfree paper)
040 _aDLC
_beng
_cDLC
_erda
_dDLC
042 _apcc
050 0 0 _aRJ 506.H9
_b.Sp6592 2014
082 0 0 _a618.92/8589
084 _aPSY007000
_2bisacsh
100 1 _aSparrow, Elizabeth P.
245 1 0 _aEssentials of ADHD assessment for children and adolescents /
_cElizabeth P. Sparrow, Drew Erhardt.
260 _aU.S.A. :
_bJohn Wiley & Sons, Inc.,
_cc2014.
300 _axix, 283 pages :
_billustrations ;
_c22 cm.
490 0 _aEssentials of psychological assessment ;
_v97
504 _aIncludes bibliographical references and index.
505 8 _aMachine generated contents note: Foreword Series Preface Preface Acknowledgements Chapter 1 Understanding ADHD Chapter 2 What the DSM-5 says about ADHD Chapter 3 Assessing ADHD: Goals & Guiding Principles Chapter 4 Components of ADHD Assessment Chapter 5 Putting it All Together: Integrating Findings & Drawing Conclusions Chapter 6 Illustrative Case Reports Annotated Bibliography About the Authors.
520 _a"This indispensable resource provides step-by-step guidelines for conducting a thorough, responsible evaluation for ADHD in children and adolescents. Focusing on the pragmatic needs of the practicing clinician, the authors address not only the broad concepts integral to conducting sound ADHD assessments but also the specifics that will enable practitioners to implement those principles. This essential guide is appropriate for seasoned clinicians who wish to add ADHD evaluations to their practices, as well as new clinicians and graduate students who are developing expertise. "--
650 0 _aAttention-deficit-disordered children.
650 0 _aAttention-deficit disorder in adolescence.
650 0 _aAttention-deficit-disordered children
_xPsychological testing.
650 0 _aAttention-deficit disorder in adolescence
_xDiagnosis.
650 7 _aPSYCHOLOGY / Clinical Psychology.
_2bisacsh
700 1 _aErhardt, Drew.
776 0 8 _iOnline version:
_aSparrow, Elizabeth P.
_tEssentials of ADHD assessment for children and adolescents
_dHoboken, New Jersey : Wiley, [2014]
_z9781118418949
_w(DLC) 2013046012
856 4 2 _3Cover image
_uhttp://catalogimages.wiley.com/images/db/jimages/9781118112700.jpg
906 _a7
_bcbc
_corignew
_d1
_eecip
_f20
_gy-gencatlg
942 _2lcc
_cBK
_kFOR
999 _c275950
_d275950